Trouve le fruit en anglais - Statistiques

Statistiques générales
  • Ce quiz a été pris 295 fois
  • Le résultat moyen est 13 sur 16
Statistiques - réponses
Par images Réponse % Correct
Banana
99%
Apple
94%
Kiwi
90%
Cherry
88%
Strawberry
88%
Watermelon
88%
Peach
86%
Melon
85%
Pear
80%
Mango
79%
Pineapple
79%
Blueberry
68%
Grape
68%
Dragon fruit
61%
Litchi
61%
Raspberry
54%
Aucun quiz correspondant
Distribution des résultats
% des personnes avec chaque résultat
Percentile par nombre de réponses
Votre historique - résultats
Vous n’avez pas pris ce quiz